[Event "Olympiad-38"]
[Site "Dresden"]
[Date "2008.11.23"]
[Round "10"]
[White "Obodchuk, Andrei"]
[Black "Berlinsky, Vladimir"]
[Result "1/2-1/2"]
[WhiteElo "2434"]
[BlackElo "2325"]
[PlyCount "74"]
[EventDate "2008.11.13"]
[EventType "team-swiss"]
[EventRounds "11"]
[EventCountry "GER"]
[SourceTitle "CBM 128"]
[Source "ChessBase"]
[SourceDate "2009.01.28"]
[SourceVersion "1"]
[SourceVersionDate "2009.01.28"]
[SourceQuality "1"]
[WhiteTeam "IPCA"]
[BlackTeam "IBCA"]

1. e4 e6 2. d4 d5 3. Nc3 Nf6 4. Bg5 dxe4 5. Nxe4 Be7 6. Bxf6 Bxf6 7. Nf3 0-0 8. Qd2 Nd7 9. 0-0-0 Be7 10. Bd3 b6 11. h4 Bb7 12. Qf4 Qb8 13. Neg5 Nf6 14. Ne5 c5 15. dxc5 Bxc5 16. Rhe1 h6 17. Qg3 Bd6 18. f4 Qc7 19. Ne4 Bxe4 20. Bxe4 Nxe4 21. Rxe4 Rac8 22. Rc4 Qb8 23. Rcd4 Bxe5 24. fxe5 Rc5 25. Rd6 Qc7 26. c3 b5 27. Kb1 a5 28. Qf4 Rc4 29. R1d4 Rc8 30. Qe4 h5 31. a3 g6 32. g4 hxg4 33. Qxg4 Rxd4 34. Qxd4 Qc4 35. Rd8+ Rxd8 36. Qxd8+ Kh7 37. Qf6 Qd3+ 1/2-1/2

[Event "IBCA EU-ch blind 04th"]
[Site "Durham"]
[Date "2007.08.23"]
[Round "9.8"]
[White "Berlinsky, Vladimir"]
[Black "Pohlers, Juergen"]
[Result "1-0"]
[WhiteElo "2330"]
[BlackElo "2095"]
[PlyCount "59"]
[EventDate "2007.08.14"]
[EventType "swiss"]
[EventRounds "9"]
[EventCountry "ENG"]
[SourceTitle "EXT 2008"]
[Source "ChessBase"]
[SourceDate "2007.11.25"]
[SourceVersion "1"]
[SourceVersionDate "2007.11.25"]
[SourceQuality "1"]

1. e4 c5 2. Nf3 Nc6 3. d4 cxd4 4. Nxd4 Nf6 5. Nc3 e5 6. Ndb5 d6 7. Bg5 a6 8. Na3 b5 9. Nd5 Be7 10. Bxf6 Bxf6 11. c3 0-0 12. Nc2 Bg5 13. a4 bxa4 14. Rxa4 a5 15. b4 Be6 16. b5 Ne7 17. c4 f5 18. Bd3 f4 19. Be2 Ng6 20. Bg4 Bf7 21. 0-0 Kh8 22. Qd3 Ne7 23. Rfa1 Bxd5 24. exd5 Ng6 25. Nb4 e4 26. Qxe4 Ne5 27. Nc6 Nxc6 28. dxc6 Re8 29. Qd5 Re5 30. c7 1-0

[Event "IBCA EU-ch blind 04th"]
[Site "Durham"]
[Date "2007.08.14"]
[Round "1.5"]
[White "Berlinsky, Vladimir"]
[Black "Szurgot, Dominik"]
[Result "1/2-1/2"]
[WhiteElo "2330"]
[BlackElo "2005"]
[PlyCount "57"]
[EventDate "2007.08.14"]
[EventType "swiss"]
[EventRounds "9"]
[EventCountry "ENG"]
[SourceTitle "EXT 2008"]
[Source "ChessBase"]
[SourceDate "2007.11.25"]
[SourceVersion "1"]
[SourceVersionDate "2007.11.25"]
[SourceQuality "1"]

1. e4 c6 2. d4 d5 3. exd5 cxd5 4. Bd3 Nc6 5. c3 Nf6 6. Nf3 Bg4 7. 0-0 e6 8. h3 Bh5 9. Bg5 Be7 10. Nbd2 0-0 11. Re1 Qc7 12. Qa4 Rfe8 13. Ne5 Nd7 14. Bxe7 Ndxe5 15. dxe5 Rxe7 16. Bxh7+ Kxh7 17. Qh4 g6 18. g4 Ree8 19. gxh5 g5 20. Qg3 Ne7 21. Nf3 Rg8 22. Kh1 Nf5 23. Nxg5+ Kh6 24. Qf4 Rxg5 25. Rg1 Rag8 26. h4 Nxh4 27. Rxg5 Rxg5 28. Qf6+ Kxh5 29. Qh8+ 1/2-1/2

[Event "Olympiad-37"]
[Site "Turin"]
[Date "2006.06.02"]
[Round "11"]
[White "Berlinsky, Vladimir"]
[Black "Solomon, Kenny"]
[Result "0-1"]
[WhiteElo "2319"]
[BlackElo "2323"]
[PlyCount "110"]
[EventDate "2006.05.21"]
[EventType "team-swiss"]
[EventRounds "13"]
[EventCountry "ITA"]
[SourceTitle "CBM 113"]
[Source "ChessBase"]
[SourceDate "2006.07.31"]
[SourceVersion "1"]
[SourceVersionDate "2006.07.31"]
[SourceQuality "1"]
[WhiteTeam "IBCA"]
[BlackTeam "South Africa"]
[BlackTeamCountry "RSA"]

1. e4 d6 2. d4 Nf6 3. Nc3 e5 4. dxe5 dxe5 5. Qxd8+ Kxd8 6. Bc4 Ke8 7. Nf3 Bd6 8. h3 a6 9. a4 Nc6 10. Be3 Nb4 11. 0-0-0 Bd7 12. Ng5 Rf8 13. f4 h6 14. fxe5 Bxe5 15. Nf3 Bxc3 16. bxc3 Nc6 17. Bc5 Rh8 18. Rhe1 Be6 19. Bd5 Nd7 20. Ba3 Nb6 21. Nd4 Nxd4 22. Bxb7 Rb8 23. Bd5 Nxc2 24. Kxc2 Bd7 25. Rd4 a5 26. Bb3 h5 27. Rf1 Be6 28. Bd5 Nd7 29. Rc4 c5 30. Rb1 Rxb1 31. Kxb1 Rh6 32. Bxc5 Rg6 33. Bd4 Rxg2 34. Rc8+ Ke7 35. Rh8 g6 36. h4 Rg4 37. Bf2 Bxd5 38. exd5 Rxa4 39. Kb2 Rf4 40. Be3 Re4 41. Bh6 Kd6 42. Rd8 Rxh4 43. Bf8+ Kc7 44. Be7 Re4 45. d6+ Kc6 46. Rc8+ Kd5 47. Rc7 Ke6 48. c4 Re5 49. Kc3 Rc5 50. Kd4 Rxc7 51. dxc7 Nb6 52. Kc5 Nc8 53. Bd8 a4 54. Kb4 f6 55. Kxa4 h4 0-1

[Event "Olympiad-37"]
[Site "Turin"]
[Date "2006.05.30"]
[Round "9"]
[White "Berlinsky, Vladimir"]
[Black "Dive, Russell John"]
[Result "0-1"]
[WhiteElo "2319"]
[BlackElo "2335"]
[PlyCount "67"]
[EventDate "2006.05.21"]
[EventType "team-swiss"]
[EventRounds "13"]
[EventCountry "ITA"]
[SourceTitle "CBM 113"]
[Source "ChessBase"]
[SourceDate "2006.07.31"]
[SourceVersion "1"]
[SourceVersionDate "2006.07.31"]
[SourceQuality "1"]
[WhiteTeam "IBCA"]
[BlackTeam "New Zealand"]
[BlackTeamCountry "NZL"]

1. e4 Nf6 2. e5 Nd5 3. d4 d6 4. Nf3 Nc6 5. Be2 dxe5 6. Nxe5 Nxe5 7. dxe5 Bf5 8. c4 Nb6 9. 0-0 e6 10. Nd2 h6 11. Nf3 Bc5 12. Bd2 a5 13. Bc3 Qe7 14. Nd4 Bh7 15. Bf3 0-0-0 16. Bxb7+ Kxb7 17. Qf3+ Ka6 18. Nc6 Qh4 19. Rae1 Rd3 20. Qxf7 Rc8 21. Nxa5 Rxc3 22. bxc3 Kxa5 23. g3 Qe7 24. Qf3 c6 25. Rd1 Qc7 26. Qe2 Rf8 27. Kg2 Rf5 28. f4 g5 29. a4 gxf4 30. gxf4 Rf8 31. Kh1 Bf5 32. Rb1 Bxb1 33. Rxb1 Rxf4 34. Rb5+ 0-1

[Event "Olympiad-37"]
[Site "Turin"]
[Date "2006.05.27"]
[Round "6"]
[White "Berlinsky, Vladimir"]
[Black "Ezat, Mohamed Mahmoud"]
[Result "1-0"]
[WhiteElo "2319"]
[BlackElo "2414"]
[PlyCount "93"]
[EventDate "2006.05.21"]
[EventType "team-swiss"]
[EventRounds "13"]
[EventCountry "ITA"]
[SourceTitle "CBM 113"]
[Source "ChessBase"]
[SourceDate "2006.07.31"]
[SourceVersion "1"]
[SourceVersionDate "2006.07.31"]
[SourceQuality "1"]
[WhiteTeam "IBCA"]
[BlackTeam "Egypt"]
[BlackTeamCountry "EGY"]

1. e4 c6 2. d4 d5 3. e5 Bf5 4. Nc3 Qd7 5. f4 h5 6. Nf3 Nh6 7. h3 e6 8. Be3 Be7 9. Be2 Qd8 10. g3 Nd7 11. Ng5 Bg6 12. Bxh5 Bxg5 13. Bxg6 Bh4 14. Bxf7+ Nxf7 15. gxh4 Qxh4+ 16. Kd2 Nh6 17. Qf3 Nf5 18. Rag1 0-0-0 19. Ne2 Rdf8 20. Rg5 Nb6 21. b3 Kd8 22. Bf2 Qh6 23. h4 Nc8 24. h5 Nce7 25. Rhg1 Qh7 26. Kc1 Qg8 27. Be1 Qf7 28. Bb4 Rh7 29. Kb2 Rfh8 30. Ng3 Nh6 31. Bxe7+ Qxe7 32. Qd3 Kc7 33. Rg6 c5 34. dxc5 Qxc5 35. Ne2 Nf5 36. Rxe6 Rxh5 37. Reg6 Kb8 38. R6g5 Rh2 39. Rxf5 Rxe2 40. Qxe2 Qxg1 41. e6 Qd4+ 42. c3 Qg1 43. e7 Re8 44. Rxd5 Qb6 45. Qe5+ Kc8 46. Qf5+ Kb8 47. Qd7 1-0

[Event "Olympiad-37"]
[Site "Turin"]
[Date "2006.05.22"]
[Round "2"]
[White "Berlinsky, Vladimir"]
[Black "Kumar, Manoj"]
[Result "1-0"]
[WhiteElo "2319"]
[BlackElo "2029"]
[PlyCount "57"]
[EventDate "2006.05.21"]
[EventType "team-swiss"]
[EventRounds "13"]
[EventCountry "ITA"]
[SourceTitle "CBM 113"]
[Source "ChessBase"]
[SourceDate "2006.07.31"]
[SourceVersion "1"]
[SourceVersionDate "2006.07.31"]
[SourceQuality "1"]
[WhiteTeam "IBCA"]
[BlackTeam "Fiji"]
[BlackTeamCountry "FIJ"]

1. e4 c5 2. Nf3 d6 3. d4 cxd4 4. Nxd4 Nf6 5. Nc3 g6 6. f3 Bg7 7. Be3 Nc6 8. Qd2 Bd7 9. Bc4 0-0 10. 0-0-0 Rc8 11. Bb3 Ne5 12. h4 h5 13. Bg5 Nc4 14. Qe2 Na5 15. Kb1 Nxb3 16. cxb3 Rc5 17. b4 Rc8 18. a3 Re8 19. Rd2 Nh7 20. g4 Nxg5 21. hxg5 hxg4 22. fxg4 Qb6 23. Nd5 Qa6 24. Qf3 Qc4 25. Rf2 f6 26. gxf6 exf6 27. Nxf6+ Bxf6 28. Qxf6 Qd3+ 29. Rc2 1-0

[Event "Grunwald Cup 20th blind"]
[Site "Dadaj"]
[Date "2005.09.13"]
[Round "5"]
[White "Berlinsky, Vladimir"]
[Black "Dukaczewski, Piotr"]
[Result "0-1"]
[WhiteElo "2328"]
[BlackElo "2353"]
[PlyCount "42"]
[EventDate "2005.09.09"]
[EventType "swiss"]
[EventRounds "9"]
[EventCountry "POL"]
[SourceTitle "EXT 2006"]
[Source "ChessBase"]
[SourceDate "2005.11.24"]
[SourceVersion "1"]
[SourceVersionDate "2005.11.24"]
[SourceQuality "1"]

1. d4 Nf6 2. Nc3 d5 3. Bg5 Bf5 4. Nf3 Ne4 5. Nxe4 dxe4 6. Ng1 c6 7. c3 Nd7 8. Qc2 Qa5 9. e3 e5 10. Bc4 f6 11. Bh4 exd4 12. exd4 0-0-0 13. Bg3 h5 14. b4 Bxb4 15. cxb4 Qxb4+ 16. Kf1 Nb6 17. Be2 Rxd4 18. a3 Qa5 19. Qb2 Rhd8 20. Bf4 Nc4 21. Bxc4 Rd1+ 0-1

[Event "Grunwald Cup 20th blind"]
[Site "Dadaj"]
[Date "2005.09.10"]
[Round "2"]
[White "Traczyk, Tadeusz"]
[Black "Berlinsky, Vladimir"]
[Result "0-1"]
[WhiteElo "1988"]
[BlackElo "2328"]
[PlyCount "64"]
[EventDate "2005.09.09"]
[EventType "swiss"]
[EventRounds "9"]
[EventCountry "POL"]
[SourceTitle "EXT 2006"]
[Source "ChessBase"]
[SourceDate "2005.11.24"]
[SourceVersion "1"]
[SourceVersionDate "2005.11.24"]
[SourceQuality "1"]

1. e4 c5 2. Nf3 d6 3. d4 cxd4 4. Nxd4 Nf6 5. Nc3 a6 6. Bg5 e6 7. f4 Qb6 8. Nb3 Nbd7 9. Qf3 Qc7 10. 0-0-0 b5 11. a3 Bb7 12. Bd3 Be7 13. Rhe1 0-0 14. g4 Rfe8 15. h4 Rac8 16. Kb1 Nb6 17. Qe2 Nc4 18. Bxc4 bxc4 19. Nd2 h6 20. Bxf6 Bxf6 21. e5 Bxh4 22. exd6 Qxd6 23. Rh1 Bxh1 24. Rxh1 Bg3 25. Nde4 Qxf4 26. Rf1 Qc7 27. g5 hxg5 28. Nxg5 f6 29. Nge4 Be5 30. Qg2 f5 31. Ng5 Bxc3 32. bxc3 Rb8+ 0-1

[Event "IBCA-ol blind 12th"]
[Site "La Pineda"]
[Date "2004.11.12"]
[Round "9.2"]
[White "Cajzler, Hinko"]
[Black "Berlinsky, Vladimir"]
[Result "0-1"]
[WhiteElo "2217"]
[BlackElo "2347"]
[PlyCount "116"]
[EventDate "2004.11.03"]
[EventType "team-swiss"]
[EventRounds "9"]
[EventCountry "ESP"]
[SourceTitle "EXT 2010"]
[Source "ChessBase"]
[SourceDate "2010.11.25"]
[SourceVersion "1"]
[SourceVersionDate "2010.11.25"]
[SourceQuality "1"]
[WhiteTeam "Croatia (blind)"]
[BlackTeam "Russia (blind)"]
[WhiteTeamCountry "CRO"]
[BlackTeamCountry "RUS"]

1. d4 Nf6 2. c4 c5 3. Nf3 cxd4 4. Nxd4 b6 5. Nc3 Bb7 6. f3 d6 7. e4 Nbd7 8. Be3 a6 9. Qd2 e6 10. Nc2 Be7 11. Be2 0-0 12. 0-0 Rc8 13. Rac1 Qc7 14. Nd4 Qb8 15. Rfd1 Rfe8 16. Qe1 Bd8 17. Qf2 Ne5 18. b3 Bc7 19. h3 Ned7 20. Bd3 g6 21. Nde2 Ba8 22. Bd4 Bc6 23. a4 Bd8 24. Ra1 Bb7 25. Rd2 Ba8 26. Bc2 Be7 27. a5 b5 28. cxb5 axb5 29. b4 d5 30. Ba7 Qc7 31. exd5 Bxb4 32. dxe6 Rxe6 33. Nxb5 Qe5 34. Ned4 Bxd2 35. Qxd2 Ra6 36. Re1 Rxc2 37. Qd1 Rxg2+ 38. Kxg2 Qg5+ 39. Kh2 Rxa5 40. Qc2 Bd5 41. Re2 Qf4+ 42. Kg2 Rxa7 43. Nxa7 Qxd4 44. Nc8 Kg7 45. Ne7 Be6 46. Qc7 Nd5 47. Nxd5 Bxd5 48. Rc2 Ne5 49. Qc3 Bxf3+ 50. Kf1 Qf4 51. Ke1 f6 52. Qc7+ Kh6 53. Qd8 Be4 54. Rc3 Bd3 55. Kd1 Qf1+ 56. Kd2 Qe2+ 57. Kc1 Qe1+ 58. Kb2 Qd2+ 0-1

[Event "IBCA-ol blind 12th"]
[Site "La Pineda"]
[Date "2004.11.08"]
[Round "6.2"]
[White "Berlinsky, Vladimir"]
[Black "Enjuto Velasco, Roberto"]
[Result "1-0"]
[WhiteElo "2347"]
[BlackElo "2164"]
[PlyCount "39"]
[EventDate "2004.11.03"]
[EventType "team-swiss"]
[EventRounds "9"]
[EventCountry "ESP"]
[SourceTitle "EXT 2010"]
[Source "ChessBase"]
[SourceDate "2010.11.25"]
[SourceVersion "1"]
[SourceVersionDate "2010.11.25"]
[SourceQuality "1"]
[WhiteTeam "Russia (blind)"]
[BlackTeam "Spain (blind)"]
[WhiteTeamCountry "RUS"]
[BlackTeamCountry "ESP"]

1. e4 c5 2. Nf3 d6 3. d4 cxd4 4. Nxd4 Nf6 5. Nc3 a6 6. Bg5 e6 7. f4 Qb6 8. Nb3 Nbd7 9. Qf3 Qc7 10. 0-0-0 b5 11. a3 Bb7 12. Bd3 Be7 13. Rhe1 Nc5 14. Bxf6 Bxf6 15. Bxb5+ axb5 16. Nxb5 Qb6 17. Nxd6+ Ke7 18. Nxb7 Qxb7 19. e5 Qxf3 20. exf6+ 1-0

[Event "IBCA-ol blind 12th"]
[Site "La Pineda"]
[Date "2004.11.07"]
[Round "5.2"]
[White "Zoltek, Tadeusz"]
[Black "Berlinsky, Vladimir"]
[Result "0-1"]
[WhiteElo "2313"]
[BlackElo "2347"]
[PlyCount "104"]
[EventDate "2004.11.03"]
[EventType "team-swiss"]
[EventRounds "9"]
[EventCountry "ESP"]
[SourceTitle "EXT 2010"]
[Source "ChessBase"]
[SourceDate "2010.11.25"]
[SourceVersion "1"]
[SourceVersionDate "2010.11.25"]
[SourceQuality "1"]
[WhiteTeam "Poland (blind)"]
[BlackTeam "Russia (blind)"]
[WhiteTeamCountry "POL"]
[BlackTeamCountry "RUS"]

1. c4 e5 2. Nc3 f5 3. d4 exd4 4. Qxd4 Nc6 5. Qe3+ Kf7 6. Nf3 Nf6 7. Ng5+ Kg8 8. Qd3 h6 9. Nf3 d6 10. e3 g6 11. Be2 Kh7 12. 0-0 Bg7 13. Rd1 Qe8 14. Nd5 Qf7 15. Nxf6+ Bxf6 16. Qc2 b6 17. Bd2 Bb7 18. Bc3 a5 19. b3 Rhe8 20. Rd2 Qg7 21. Bxf6 Qxf6 22. Rad1 Re7 23. Qb2 Kg7 24. Qxf6+ Kxf6 25. Nd4 Nxd4 26. Rxd4 h5 27. h4 Re5 28. R1d2 Bc6 29. Bf3 Bxf3 30. gxf3 a4 31. b4 a3 32. R2d3 Ra4 33. Rb3 Re6 34. Kg2 c5 35. Rd5 Ke7 36. bxc5 dxc5 37. Rbd3 Rxc4 38. Rd7+ Kf6 39. f4 Ra4 40. Rc7 Rae4 41. Rb7 Rc6 42. Rxa3 c4 43. Raa7 Re8 44. Rc7 Rc8 45. Rf7+ Ke6 46. Rad7 Rd6 47. Rfe7+ Kd5 48. Re5+ Kc6 49. Ra7 c3 50. Ra3 c2 51. Rc3+ Kb7 52. Re7+ Kb8 0-1

[Event "Olympiad-36"]
[Site "Mallorca"]
[Date "2004.10.20"]
[Round "6"]
[White "Berlinsky, Vladimir"]
[Black "Dissanayake, PR."]
[Result "1/2-1/2"]
[WhiteElo "2347"]
[BlackElo "2112"]
[PlyCount "108"]
[EventDate "2004.10.15"]
[EventType "team-swiss"]
[EventRounds "14"]
[EventCountry "ESP"]
[SourceTitle "CBM 104"]
[Source "ChessBase"]
[SourceDate "2005.01.27"]
[SourceVersion "1"]
[SourceVersionDate "2005.01.27"]
[SourceQuality "1"]
[WhiteTeam "IBCA"]
[BlackTeam "Sri Lanka"]
[BlackTeamCountry "SRI"]

1. e4 c5 2. Nf3 Nc6 3. d4 cxd4 4. Nxd4 e6 5. Nc3 a6 6. Be2 Qc7 7. Be3 b5 8. Nxc6 dxc6 9. f4 b4 10. Na4 c5 11. c3 bxc3 12. Nxc3 Bb7 13. 0-0 Nf6 14. Bf3 Be7 15. e5 Nd7 16. Rc1 0-0 17. Na4 Bxf3 18. Rxf3 Rfd8 19. Qc2 Rab8 20. b3 Qa5 21. Bd2 Qb5 22. Nc3 Qc6 23. Qe4 Rbc8 24. Qe2 Nb6 25. Be3 Nd5 26. Na4 Nxe3 27. Qxe3 Rd5 28. Nb2 Rcd8 29. Nc4 Rd4 30. Rff1 Rd3 31. Qe1 Qd5 32. Kh1 h5 33. Kg1 g6 34. Qf2 Kg7 35. Rce1 h4 36. h3 Qd4 37. Qxd4 R8xd4 38. Re3 Rxe3 39. Nxe3 Rd2 40. Rf2 Rd3 41. Nc4 g5 42. Rf1 Rd4 43. f5 exf5 44. Rxf5 Kg6 45. Rf2 Rf4 46. Rxf4 gxf4 47. Kf2 Kf5 48. Kf3 f6 49. exf6 Bxf6 50. Nb6 Be7 51. Nd5 Bd8 52. a3 Ba5 53. Ne7+ Kg5 54. Nd5 Bd2 1/2-1/2

[Event "Olympiad-36"]
[Site "Mallorca"]
[Date "2004.10.16"]
[Round "2"]
[White "Berlinsky, Vladimir"]
[Black "Erdogdu, Mert"]
[Result "0-1"]
[WhiteElo "2347"]
[BlackElo "2393"]
[PlyCount "62"]
[EventDate "2004.10.15"]
[EventType "team-swiss"]
[EventRounds "14"]
[EventCountry "ESP"]
[SourceTitle "CBM 104"]
[Source "ChessBase"]
[SourceDate "2005.01.27"]
[SourceVersion "1"]
[SourceVersionDate "2005.01.27"]
[SourceQuality "1"]
[WhiteTeam "IBCA"]
[BlackTeam "Turkey"]
[BlackTeamCountry "TUR"]

1. e4 e5 2. Nf3 Nc6 3. Bc4 Nf6 4. Ng5 d5 5. exd5 Na5 6. Bb5+ c6 7. dxc6 bxc6 8. Qf3 Rb8 9. Bxc6+ Nxc6 10. Qxc6+ Nd7 11. d3 Be7 12. Ne4 Rb6 13. Qa4 f5 14. Nec3 Bb7 15. a3 Bxg2 16. Rg1 Rg6 17. Ne2 Bc5 18. Nbc3 Rg4 19. Qxg4 fxg4 20. Rxg2 Qh4 21. Ne4 Be7 22. Be3 a5 23. 0-0-0 0-0 24. c4 Nf6 25. Rdg1 Qh5 26. N2g3 Qg6 27. Nxf6+ gxf6 28. h3 Qxd3 29. Nh5 f5 30. Rg3 Rc8 31. Bd2 Rxc4+ 0-1

[Event "IBCA EU-ch blind 03rd"]
[Site "Mondariz"]
[Date "2003.09.06"]
[Round "9"]
[White "Krylov, Sergey"]
[Black "Berlinsky, Vladimir"]
[Result "1-0"]
[WhiteElo "2402"]
[BlackElo "2354"]
[PlyCount "87"]
[EventDate "2003.08.27"]
[EventType "swiss"]
[EventRounds "9"]
[EventCountry "ESP"]
[SourceTitle "EXT 2004"]
[Source "ChessBase"]
[SourceDate "2003.11.25"]
[SourceVersion "1"]
[SourceVersionDate "2003.11.25"]
[SourceQuality "1"]

1. e4 e6 2. d4 d5 3. Nc3 Nf6 4. e5 Nfd7 5. f4 c5 6. Nf3 a6 7. Be3 Qb6 8. a3 c4 9. b3 cxb3 10. cxb3 Qc7 11. Qd2 b5 12. Bd3 g6 13. 0-0 Bb7 14. Rfc1 Nc6 15. a4 b4 16. Na2 Qb6 17. Rc2 Be7 18. Nc1 Na5 19. Rb1 Nb8 20. Be2 Nd7 21. Nd3 0-0 22. Qe1 Rfc8 23. Rxc8+ Rxc8 24. Bd2 Nc6 25. Kh1 Nxd4 26. Nxd4 Qxd4 27. Nxb4 Bxb4 28. Bxb4 Qxf4 29. Bd6 f6 30. Qg1 Nxe5 31. Rf1 Qe4 32. Bd1 d4 33. Rxf6 Rc1 34. Rf1 Qd5 35. Ba3 Ra1 36. Be7 Rxd1 37. Rxd1 Nc6 38. Ba3 e5 39. Qf2 Qf7 40. Qc2 Qf5 41. Qe2 Qh5 42. Qc4+ Kg7 43. Rf1 g5 44. Qe6 1-0

[Event "IBCA EU-ch blind 03rd"]
[Site "Mondariz"]
[Date "2003.09.04"]
[Round "7"]
[White "Berlinsky, Vladimir"]
[Black "Rosikhin, Igor"]
[Result "1/2-1/2"]
[WhiteElo "2354"]
[BlackElo "2150"]
[PlyCount "42"]
[EventDate "2003.08.27"]
[EventType "swiss"]
[EventRounds "9"]
[EventCountry "ESP"]
[SourceTitle "EXT 2004"]
[Source "ChessBase"]
[SourceDate "2003.11.25"]
[SourceVersion "1"]
[SourceVersionDate "2003.11.25"]
[SourceQuality "1"]

1. e4 c5 2. Nf3 Nc6 3. d4 cxd4 4. Nxd4 e5 5. Nb5 d6 6. N1c3 a6 7. Na3 b5 8. Nd5 Nce7 9. Bg5 h6 10. Bxb5+ axb5 11. Nxb5 Ra6 12. Nbc7+ Kd7 13. Bxe7 Nxe7 14. Nxa6 Bxa6 15. c4 Qa5+ 16. b4 Qa3 17. Qb3 Qxb3 18. axb3 Nxd5 19. exd5 Bb7 20. Ra7 Kc7 21. Ke2 Kb8 1/2-1/2

[Event "IBCA EU-ch blind 03rd"]
[Site "Mondariz"]
[Date "2003.09.01"]
[Round "5"]
[White "Berlinsky, Vladimir"]
[Black "Dukaczewski, Piotr"]
[Result "1-0"]
[WhiteElo "2354"]
[BlackElo "2355"]
[PlyCount "79"]
[EventDate "2003.08.27"]
[EventType "swiss"]
[EventRounds "9"]
[EventCountry "ESP"]
[SourceTitle "EXT 2004"]
[Source "ChessBase"]
[SourceDate "2003.11.25"]
[SourceVersion "1"]
[SourceVersionDate "2003.11.25"]
[SourceQuality "1"]

1. e4 c5 2. Nf3 Nc6 3. d4 cxd4 4. Nxd4 Nf6 5. Nc3 d6 6. Bc4 e6 7. Bb3 Be7 8. 0-0 0-0 9. Be3 Bd7 10. f4 Nxd4 11. Bxd4 Bc6 12. Qe2 b5 13. Nxb5 Bxb5 14. Qxb5 Nxe4 15. Rad1 Bf6 16. Bxf6 Nxf6 17. f5 Ne4 18. Rd4 d5 19. Qa6 Qe7 20. Qe2 Rab8 21. c3 Rfd8 22. Qe3 Nc5 23. Rg4 Ne4 24. Qh6 f6 25. fxe6 Kh8 26. Qe3 Qxe6 27. Rgf4 Re8 28. Rd1 Rbd8 29. Qd4 Ng5 30. Bxd5 Qe2 31. Rf2 Qh5 32. c4 Re5 33. Rdf1 Re4 34. Rxf6 Nf3+ 35. R6xf3 Qxf3 36. Qxe4 Qh5 37. a3 Re8 38. Qf3 g6 39. Qxh5 gxh5 40. Kf2 1-0

[Event "IBCA EU-ch blind 03rd"]
[Site "Mondariz"]
[Date "2003.08.30"]
[Round "3"]
[White "Berlinsky, Vladimir"]
[Black "Schellmann, Frank"]
[Result "1-0"]
[WhiteElo "2354"]
[BlackElo "2134"]
[PlyCount "103"]
[EventDate "2003.08.27"]
[EventType "swiss"]
[EventRounds "9"]
[EventCountry "ESP"]
[SourceTitle "EXT 2004"]
[Source "ChessBase"]
[SourceDate "2003.11.25"]
[SourceVersion "1"]
[SourceVersionDate "2003.11.25"]
[SourceQuality "1"]

1. e4 e5 2. Nf3 Nf6 3. Nc3 Bb4 4. Bc4 0-0 5. 0-0 Nc6 6. d3 Bxc3 7. bxc3 d5 8. exd5 Nxd5 9. Qe1 Re8 10. Ng5 h6 11. Qe4 hxg5 12. Bxd5 Be6 13. Bxc6 bxc6 14. Qxe5 Bxa2 15. Qc5 Be6 16. Bxg5 Qd5 17. Qe3 a5 18. Qg3 Bf5 19. Be3 Re6 20. Qxc7 Rg6 21. f3 Bh3 22. Rf2 Bxg2 23. Rxg2 Qxf3 24. Rxg6 Qxe3+ 25. Kh1 fxg6 26. Qxc6 Rf8 27. Qxg6 Rf2 28. Rb1 Qe5 29. Qg3 Qxg3 30. hxg3 Rxc2 31. Rb3 Kf7 32. Ra3 Ke6 33. Kg1 a4 34. c4 Rd2 35. Rxa4 Rxd3 36. Kg2 Rc3 37. Kh3 Kf5 38. Ra5+ Ke4 39. c5 Kd5 40. Kg4 Kc6 41. Kf4 Rc4+ 42. Kf5 Rc3 43. g4 Re3 44. g5 Re7 45. Kg6 Kd5 46. Kh7 Ke6 47. Ra1 Rc7 48. Rc1 Kf5 49. g6 Rc6 50. Rc2 Kg5 51. Kxg7 Rxg6+ 52. Kf7 1-0

[Event "IBCA EU-ch blind 03rd"]
[Site "Mondariz"]
[Date "2003.08.28"]
[Round "1"]
[White "Berlinsky, Vladimir"]
[Black "Denes, Jozsef"]
[Result "1/2-1/2"]
[WhiteElo "2354"]
[BlackElo "1956"]
[PlyCount "27"]
[EventDate "2003.08.27"]
[EventType "swiss"]
[EventRounds "9"]
[EventCountry "ESP"]
[SourceTitle "EXT 2004"]
[Source "ChessBase"]
[SourceDate "2003.11.25"]
[SourceVersion "1"]
[SourceVersionDate "2003.11.25"]
[SourceQuality "1"]

1. e4 e6 2. d4 d5 3. Nd2 dxe4 4. Nxe4 Nf6 5. Bg5 Be7 6. Bxf6 Bxf6 7. Nf3 Nc6 8. c3 Bd7 9. Bd3 Ne7 10. Ne5 Bxe5 11. dxe5 Bc6 12. Qe2 Ng6 13. Bb5 0-0 14. Bxc6 1/2-1/2

[Event "Linares blind"]
[Site "Linares"]
[Date "2003.03.02"]
[Round "8"]
[White "Berlinsky, Vladimir"]
[Black "Nizam, Rasim"]
[Result "1/2-1/2"]
[WhiteElo "2384"]
[BlackElo "2182"]
[PlyCount "123"]
[EventDate "2003.02.26"]
[EventType "tourn"]
[EventRounds "9"]
[EventCountry "ESP"]
[SourceTitle "EXT 2004"]
[Source "ChessBase"]
[SourceDate "2003.11.25"]
[SourceVersion "1"]
[SourceVersionDate "2003.11.25"]
[SourceQuality "1"]

1. e4 e6 2. d3 c5 3. Nf3 Nc6 4. g3 g6 5. Bg2 Bg7 6. 0-0 Nge7 7. c3 0-0 8. Re1 d6 9. d4 cxd4 10. cxd4 Qb6 11. e5 d5 12. Nc3 Nf5 13. Na4 Qa5 14. Bd2 Qd8 15. g4 Nfxd4 16. Nxd4 Nxd4 17. Bb4 Nc6 18. Bxf8 Qxf8 19. f4 Qb4 20. Rf1 b5 21. Nc3 Qxb2 22. Qc1 Qxc1 23. Raxc1 Bd7 24. Nxb5 g5 25. fxg5 Bxe5 26. Nc3 Rb8 27. h3 Rb2 28. a3 Rb3 29. Nxd5 exd5 30. Rxf7 Bd4+ 31. Kf1 Kxf7 32. Bxd5+ Ke7 33. Bxb3 Ne5 34. Bc2 Bb5+ 35. Kg2 Nd3 36. Rd1 Nf4+ 37. Kg3 Be5 38. Bxh7 Ne6+ 39. Kh4 Bf4 40. Rd5 Bc4 41. Ra5 a6 42. Bg8 Bb5 43. Bxe6 Kxe6 44. a4 Bd3 45. Kh5 Be3 46. g6 Kf6 47. Rf5+ Bxf5 48. gxf5 a5 49. Kg4 Bh6 50. Kh5 Bg7 51. Kg4 Bf8 52. h4 Bg7 53. Kf4 Bf8 54. Ke4 Bh6 55. h5 Bf8 56. Kf4 Bg7 57. Ke4 Kg5 58. Kd5 Kxh5 59. Kc4 Kh6 60. Kb5 Bc3 61. Ka6 Kg7 62. Kb6 1/2-1/2

[Event "Linares blind"]
[Site "Linares"]
[Date "2003.02.26"]
[Round "5"]
[White "Berlinsky, Vladimir"]
[Black "Draghici Flutur, Gavril"]
[Result "1-0"]
[WhiteElo "2384"]
[BlackElo "2062"]
[PlyCount "72"]
[EventDate "2003.02.26"]
[EventType "tourn"]
[EventRounds "9"]
[EventCountry "ESP"]
[SourceTitle "EXT 2004"]
[Source "ChessBase"]
[SourceDate "2003.11.25"]
[SourceVersion "1"]
[SourceVersionDate "2003.11.25"]
[SourceQuality "1"]

1. e4 c5 2. Nf3 d6 3. d4 cxd4 4. Nxd4 Nf6 5. Nc3 Nc6 6. Bc4 e6 7. Be3 a6 8. Bb3 Be7 9. 0-0 0-0 10. f4 Nxd4 11. Bxd4 b5 12. e5 dxe5 13. fxe5 Nd7 14. Ne4 Bb7 15. Nd6 Bxd6 16. exd6 Qg5 17. Qe2 Nc5 18. Rad1 Rad8 19. Bc3 Kh8 20. Rd4 f5 21. Bb4 f4 22. h4 Nxb3 23. hxg5 Nxd4 24. Qd2 e5 25. Bc5 Ne6 26. b4 Rf5 27. d7 Rxg5 28. Rf2 e4 29. Qd6 Bd5 30. Bb6 e3 31. Bxd8 exf2+ 32. Kxf2 Rxg2+ 33. Ke1 Rg1+ 34. Kd2 Rg2+ 35. Kc1 Bc4 36. Bb6 f3 1-0